| 000 | 00604nam a2200205 i 4500 | ||
|---|---|---|---|
| 001 | 186595 | ||
| 003 | SpMaBN | ||
| 005 | 20250523062606.0 | ||
| 008 | 161202s1975 sp d |||| |dspa d | ||
| 020 | _a84-7080-014-0 | ||
| 080 | _a801.613 | ||
| 100 | 1 |
_aGarcía Calvo, Agustín, _d1926-2012 _eaut _9233841 |
|
| 245 | 1 | 0 |
_aDel ritmo del lenguaje / _cAgustín García Calvo. |
| 260 |
_aBarcelona : _bLa Gaya Ciencia, _c1975. |
||
| 300 |
_a89 p. : _bgráf. ; _c22 x 13 cm. |
||
| 650 | 7 |
_aLenguaje- _xRitmo. _9146179 |
|
| 852 |
_aES-MaACL _jL-30979 |
||
| 942 | _2udc | ||
| 999 |
_c186595 _d186595 |
||